[Event "ICS rated blitz match"]
[Site "204.178.125.65"]
[Date "2000.09.25"]
[Round "?"]
[White "Valg"]
[Black "Hossa"]
[Result "0-1"]
[WhiteElo "2404"]
[BlackElo "2613"]
[PlyCount "138"]
[EventDate "2000.??.??"]

1. d4 d5 2. c4 e6 3. Nc3 Nf6 4. Nf3 Be7 5. Bg5 h6 6. Bh4 Nc6 7. e3 g5 8. cxd5
exd5 9. Bg3 Ne4 10. Bb5 Nxg3 11. fxg3 O-O 12. Bxc6 bxc6 13. O-O Bf6 14. e4 Rb8
15. Qd2 Ba6 16. Rf2 Re8 17. e5 Be7 18. Rd1 g4 19. Nh4 Bg5 20. Qe1 Bxh4 21. gxh4
Qxh4 22. Qe3 Qg5 23. Qg3 Re7 24. b3 h5 25. Rf4 Rd8 26. Qf2 g3 27. Qxg3 Qxg3 28.
hxg3 Re6 29. Rf5 Rh6 30. Kf2 Bc8 31. Rg5+ Kh7 32. Ke3 Rg8 33. Rxg8 Kxg8 34. Rf1
Rg6 35. Ne2 Rg4 36. Rf4 Rg5 37. Rf6 Be6 38. b4 Kh7 39. Kf2 Rf5+ 40. Rxf5 Bxf5
41. Nf4 Kh6 42. a4 a6 43. Ke2 Kg5 44. Kf3 Bc2 45. a5 Kf5 46. Ke3 Kg4 47. e6
fxe6 48. Nxe6 Kxg3 49. Nxc7 Kxg2 50. b5 cxb5 51. Nxd5 h4 52. Nf4+ Kg3 53. d5 h3
54. d6 Bf5 55. Nh5+ Kh4 56. Kf4 h2 57. Ng3 Bd7 58. Nh1 b4 59. Ke3 b3 60. Kd2 b2
61. Kc2 Kh3 62. Nf2+ Kg2 63. Nd3 h1=Q 64. Nxb2 Bf5+ 65. Kb3 Qc1 66. Nc4 Be6 67.
d7 Bxc4+ 68. Kb4 Ba2 69. d8=Q Qc4+ {Valg resigns} 0-1

[Event "ICS rated blitz match"]
[Site "204.178.125.65"]
[Date "2000.09.25"]
[Round "?"]
[White "PostModernist"]
[Black "Hossa"]
[Result "1-0"]
[WhiteElo "2755"]
[BlackElo "2620"]
[PlyCount "115"]
[EventDate "2000.??.??"]

1. e4 e5 2. Bc4 Nf6 3. d3 Nc6 4. Nc3 Bb4 5. Bg5 Na5 6. Nge2 Nxc4 7. dxc4 d6 8.
a3 Bc5 9. O-O a6 10. b4 Ba7 11. c5 Bg4 12. h3 Bxe2 13. Qxe2 h6 14. Bxf6 Qxf6
15. Nd5 Qd8 16. Rfd1 O-O 17. Ne3 Qb8 18. Nf5 Kh7 19. cxd6 g6 20. dxc7 Qxc7 21.
Nh4 Bd4 22. Rab1 Rfd8 23. Nf3 Rac8 24. Rd2 Bc3 25. Rd5 Rxd5 26. exd5 f5 27. Qd1
e4 28. Nd4 Bxd4 29. Qxd4 Qxc2 30. Rf1 Qc3 31. Rd1 Qxa3 32. Qb6 Rc1 33. Qxb7+
Kg8 34. Qb8+ Kf7 35. Rxc1 Qxc1+ 36. Kh2 Qa1 37. Qc7+ Kf6 38. Qd6+ Kf7 39. Qe6+
Kf8 40. d6 Qc3 41. Qe7+ Kg8 42. d7 Qc7+ 43. g3 h5 44. d8=Q+ Qxd8 45. Qxd8+ Kf7
46. Qc7+ Kf6 47. Qb6+ Kg7 48. Qxa6 e3 49. b5 e2 50. Qa1+ Kh7 51. b6 f4 52. b7
fxg3+ 53. Kxg3 e1=Q 54. Qxe1 g5 55. b8=Q h4+ 56. Kg4 Kg6 57. Qe6+ Kg7 58. Qbg8#
{Hossa checkmated} 1-0

[Event "ICS Rated blitz match"]
[Site "204.178.125.65"]
[Date "2000.09.25"]
[Round "?"]
[White "Hossa"]
[Black "PostModernist"]
[Result "0-1"]
[WhiteElo "2610"]
[BlackElo "2765"]
[PlyCount "216"]
[EventDate "2000.??.??"]

1. e4 c5 2. Nf3 g6 3. d4 cxd4 4. Nxd4 Nc6 5. Nc3 Bg7 6. Be3 Nf6 7. Bc4 O-O 8.
Nxc6 dxc6 9. Qxd8 Rxd8 10. Bc5 Kf8 11. O-O b6 12. Ba3 a5 13. Bd3 Ng4 14. Na4
Bd4 15. Be2 b5 16. c3 Bxf2+ 17. Rxf2 bxa4 18. Bxg4 Bxg4 19. Bc5 Be6 20. h3 Rab8
21. Be3 Rb5 22. Bh6+ Ke8 23. Bf4 g5 24. Be3 f6 25. a3 Rdb8 26. Rb1 Ba2 27. Ra1
Bc4 28. Rb1 Re5 29. Rd2 Rxe4 30. Kf2 Re5 31. Ba7 Rb7 32. Be3 Rd5 33. Rxd5 cxd5
34. Kg3 Ba2 35. Rf1 Rxb2 36. Rf2 Rxf2 37. Kxf2 e5 38. Bb6 f5 39. Bxa5 e4 40.
Bc7 f4 41. h4 e3+ 42. Ke1 h6 43. Be5 Kf7 44. Bd4 gxh4 45. Be5 f3 46. gxf3 Bc4
47. Bf4 h3 48. Bg3 h5 49. Bc7 h4 50. Kd1 e2+ 51. Ke1 Ke6 52. Bh2 Bd3 53. Bc7
Bb5 54. Kf2 Kd7 55. Bh2 Bc4 56. Ke1 Bd3 57. Kd2 Ke6 58. Ke1 Bc4 59. Kf2 Kf5 60.
Bd6 Bd3 61. Ke1 Bb5 62. Bc7 Bc4 63. Bh2 Kf6 64. Kd2 Ba6 65. Bd6 Kg6 66. Ke1 Bc4
67. Bc7 Kg5 68. Be5 Bd3 69. Bd6 Kf6 70. Bf4 Bc4 71. Bd6 Bb5 72. Bc7 Kf5 73. Kf2
Ke6 74. Ke1 Kf7 75. Bf4 Kg6 76. Kf2 Kf6 77. Bd6 Kg5 78. Bh2 Kf5 79. Bc7 Bd3 80.
Ke1 Kg6 81. Be5 Kh5 82. Bc7 Bb5 83. Bd6 Bc4 84. Bf4 Ba6 85. Kf2 Kg6 86. Bd2 Kf5
87. Kg1 Bc8 88. Kh2 Ke5 89. Kg1 d4 90. f4+ Ke4 91. cxd4 Kxd4 92. Kf2 Kd3 93.
Be1 Kc2 94. Ba5 Kd1 95. Bb4 Bd7 96. Ba5 Bf5 97. Bc3 e1=Q+ 98. Bxe1 Be4 99. Ke3
Kxe1 100. Kxe4 h2 101. f5 h1=Q+ 102. Ke3 h3 103. Kd4 h2 104. Kc5 Qg1+ 105. Kd6
h1=Q 106. Ke7 Qc5+ 107. Ke8 Qa7 108. f6 Qha8# {Hossa checkmated} 0-1

[Event "ICS rated blitz match"]
[Site "204.178.125.65"]
[Date "2000.09.25"]
[Round "?"]
[White "Valg"]
[Black "Hossa"]
[Result "1/2-1/2"]
[WhiteElo "2383"]
[BlackElo "2601"]
[PlyCount "79"]
[EventDate "2000.??.??"]

1. e4 e5 2. Nf3 Nc6 3. Bc4 Bc5 4. c3 Nf6 5. d4 exd4 6. cxd4 Bb4+ 7. Nc3 Nxe4 8.
O-O Bxc3 9. d5 Bf6 10. Re1 Ne7 11. Rxe4 d6 12. g4 O-O 13. g5 Be5 14. Nxe5 dxe5
15. Rxe5 Ng6 16. Re1 Qd6 17. Qd4 Bh3 18. Qe3 Qd7 19. Qd4 Rae8 20. Be3 a5 21.
Rac1 Re5 22. Bb3 Rfe8 23. Bd2 Qf5 24. Qc3 Rxe1+ 25. Rxe1 Rxe1+ 26. Bxe1 Nf4 27.
Bc4 Qxg5+ 28. Qg3 Qf5 29. f3 Qf6 30. Bc3 Qb6+ 31. Qf2 Qd6 32. Qd4 Qg6+ 33. Kf2
Qh6 34. Qe5 Bd7 35. Kg3 Nh3 36. Qe7 Qg6+ 37. Kh4 Qh6+ 38. Kg3 Qg6+ 39. Kh4 Qh6+
40. Kg3 {Game drawn by repetition} 1/2-1/2

[Event "ICS rated blitz match"]
[Site "204.178.125.65"]
[Date "2000.09.25"]
[Round "?"]
[White "Hossa"]
[Black "Varguz"]
[Result "0-1"]
[WhiteElo "2592"]
[BlackElo "2706"]
[PlyCount "92"]
[EventDate "2000.??.??"]

1. d4 Nf6 2. c4 e6 3. Nf3 Bb4+ 4. Bd2 Bxd2+ 5. Qxd2 O-O 6. Nc3 d5 7. e3 Qe7 8.
cxd5 exd5 9. Bd3 Nc6 10. a3 Bg4 11. O-O-O Na5 12. Kc2 Nc4 13. Nxd5 Nxa3+ 14.
bxa3 Nxd5 15. Ra1 c5 16. Ne5 Be6 17. Bc4 cxd4 18. exd4 Rac8 19. Kb2 f6 20. Bxd5
Bxd5 21. Nd3 Qd7 22. Nf4 Bxg2 23. Rhe1 Rc4 24. Nxg2 Rxd4 25. Qc3 Rd2+ 26. Kb1
Qb5+ 27. Kc1 Rdd8 28. Rb1 Qg5+ 29. f4 Qxg2 30. Rb2 Qd5 31. Qb3 Qxb3 32. Rxb3
Rf7 33. Rc3 Rfd7 34. h3 Kf7 35. Re2 Rd3 36. Kb2 Rxc3 37. Kxc3 Rd1 38. Rb2 b6
39. Rd2 Rxd2 40. Kxd2 Kg6 41. Ke3 Kf5 42. Kf3 b5 43. Ke3 a5 44. h4 b4 45. axb4
axb4 46. Kd3 h5 {Hossa resigns} 0-1

[Event "ICS rated blitz match"]
[Site "204.178.125.65"]
[Date "2000.09.25"]
[Round "?"]
[White "QueenMaxima"]
[Black "Hossa"]
[Result "1/2-1/2"]
[WhiteElo "2610"]
[BlackElo "2581"]
[PlyCount "102"]
[EventDate "2000.??.??"]

1. d4 d5 2. c4 e6 3. Nc3 Nf6 4. cxd5 exd5 5. Bg5 Be7 6. Nf3 c6 7. Qc2 Na6 8. a3
Nc7 9. e3 Ne6 10. Bh4 O-O 11. Bd3 g6 12. O-O Bd6 13. Ne5 Ng7 14. e4 Ne6 15. Ng4
g5 16. Nxf6+ Qxf6 17. e5 Nxd4 18. Bxh7+ Kh8 19. exf6 Nxc2 20. Bxc2 gxh4 21.
Rae1 Bc7 22. h3 Be6 23. Na4 Bd8 24. Re5 Bxf6 25. Rh5+ Kg8 26. Rh6 Be7 27. Rd1
Rfd8 28. Nc3 d4 29. Ne2 c5 30. Nf4 Bd7 31. Rh5 Re8 32. Nd5 Bd8 33. b4 b6 34.
Bh7+ Kg7 35. Bb1 Bc6 36. bxc5 bxc5 37. Nf4 Be7 38. Rh7+ Kg8 39. Nh5 Ba4 40.
Rg7+ Kf8 41. Ba2 Bxd1 42. Rxf7+ Kg8 43. Rf6+ Kh7 44. Bb1+ Bc2 45. Bxc2+ Kg8 46.
Bb3+ c4 47. Bxc4+ Kh7 48. Bd3+ Kg8 49. Bc4+ Kh7 50. Bd3+ Kg8 51. Bc4+ Kh7 {
Game drawn by repetition} 1/2-1/2

[Event "ICS Rated standard match"]
[Site "204.178.125.65"]
[Date "2000.09.25"]
[Round "?"]
[White "counterplay"]
[Black "Hossa"]
[Result "1-0"]
[WhiteElo "2569"]
[BlackElo "2377"]
[PlyCount "125"]
[EventDate "2000.??.??"]

1. e4 c5 2. c3 e6 3. d4 d5 4. exd5 exd5 5. Be3 cxd4 6. Bxd4 Nc6 7. Nf3 Bd7 8.
Bd3 Nxd4 9. Nxd4 Bd6 10. O-O Ne7 11. Nb5 Bb8 12. Qh5 Qb6 13. a4 a6 14. a5 Qf6
15. Nd4 g6 16. Qd1 O-O 17. Nd2 Nc6 18. N2f3 Bg4 19. Be2 Re8 20. Ra4 Bd7 21.
Nxc6 bxc6 22. Rd4 Bd6 23. Qd2 Bc5 24. Rh4 Qd8 25. Re1 Bf8 26. c4 Be7 27. Rd4
Bf6 28. Rd3 Bf5 29. Rb3 dxc4 30. Bxc4 Qxd2 31. Rxe8+ Rxe8 32. Nxd2 Bd8 33. Rb7
Be6 34. Bxe6 Rxe6 35. Rb8 Rd6 36. Nf1 Kg7 37. b4 Rd1 38. g3 Be7 39. Rb6 Ra1 40.
h3 Ra4 41. Rxc6 h5 42. Kg2 Ra2 43. Rb6 Ra4 44. Nd2 Bxb4 45. Nb3 Kh6 46. h4 Bc3
47. Rc6 Be1 48. Kf1 Bb4 49. Rc4 g5 50. hxg5+ Kxg5 51. Kg2 f6 52. Nd4 Rxa5 53.
Rxb4 Ra2 54. Ne6+ Kg6 55. Rb6 a5 56. Nf4+ Kg5 57. Rb5+ Kh6 58. Nxh5 Kg6 59. g4
Ra4 60. Kg3 Rb4 61. Rxa5 Rb3+ 62. f3 Rb1 63. Ra6 {Hossa resigns} 1-0

[Event "ICS rated blitz match"]
[Site "204.178.125.65"]
[Date "2000.09.25"]
[Round "?"]
[White "Hossa"]
[Black "gaudi"]
[Result "1-0"]
[WhiteElo "2582"]
[BlackElo "1975"]
[PlyCount "87"]
[EventDate "2000.??.??"]

1. e4 e6 2. d4 d5 3. Nc3 Bb4 4. e5 c5 5. a3 Bxc3+ 6. bxc3 Bd7 7. Qg4 g6 8. Rb1
Qa5 9. Bd2 Qa4 10. Rxb7 Qxc2 11. dxc5 Nc6 12. Bb5 Nge7 13. Ba4 Qe4+ 14. Qxe4
dxe4 15. Bg5 Nd5 16. c4 Nc3 17. Bxc6 Bxc6 18. Re7+ Kd8 19. Rxe6+ Kc7 20. Re7+
Kc8 21. Rxf7 Rb8 22. Rxa7 e3 23. fxe3 Bxg2 24. Bf6 Re8 25. Ne2 Nxe2 26. Kxe2
Bxh1 27. Kd3 Re6 28. e4 Rb1 29. Rxh7 Rd1+ 30. Kc2 Rd4 31. Kc3 Rxe4 32. Rg7 Re3+
33. Kb4 Ra6 34. a4 Be4 35. a5 Bc2 36. Kb5 Re6 37. c6 Rb3+ 38. Kc5 Re8 39. a6
Ra3 40. a7 Be4 41. e6 Rxe6 42. Rg8+ Kc7 43. Bd8+ Kc8 44. Ba5+ {gaudi resigns}
1-0

[Event "ICS rated blitz match"]
[Site "204.178.125.65"]
[Date "2000.09.25"]
[Round "?"]
[White "HaraldLdahl"]
[Black "Hossa"]
[Result "0-1"]
[WhiteElo "2098"]
[BlackElo "2583"]
[PlyCount "86"]
[EventDate "2000.??.??"]

1. e4 e5 2. Nc3 Nc6 3. g3 Nf6 4. Bg2 Bc5 5. Nf3 d6 6. O-O Nd4 7. d3 Nxf3+ 8.
Bxf3 Bh3 9. Bg2 Qd7 10. Bg5 Bxg2 11. Kxg2 Ng4 12. h3 Nxf2 13. Rxf2 Bxf2 14.
Kxf2 f6 15. Be3 Qxh3 16. Qf3 O-O-O 17. Rg1 Kb8 18. Ke2 Qd7 19. Kd1 Rdf8 20. g4
Qc6 21. Kc1 Rf7 22. Ne2 Rd8 23. Ng3 Qa4 24. Kb1 Rff8 25. Rh1 h6 26. Qf5 Rh8 27.
Qg6 Qd7 28. Nf5 Rhg8 29. Nh4 d5 30. Rg1 d4 31. Bc1 Rc8 32. Qf5 Qa4 33. b3 Qb5
34. a4 Qc6 35. Ba3 Qe8 36. Qf1 Qf7 37. Qe1 g6 38. c4 dxc3 39. Qxc3 Rcd8 40. Rc1
Qd7 41. Nf3 Qxd3+ 42. Kb2 Qd7 43. Nd2 Qxd2+ {HaraldLdahl resigns} 0-1

[Event "ICS rated blitz match"]
[Site "204.178.125.65"]
[Date "2000.09.26"]
[Round "?"]
[White "Varguz"]
[Black "Hossa"]
[Result "1-0"]
[WhiteElo "2717"]
[BlackElo "2585"]
[PlyCount "113"]
[EventDate "2000.??.??"]

1. c4 Nf6 2. Nc3 g6 3. g3 Bg7 4. Nf3 O-O 5. Bg2 d6 6. O-O c6 7. d4 Na6 8. Bg5
h6 9. Bxf6 Bxf6 10. e3 Re8 11. Rc1 Bg4 12. Qb3 Qd7 13. Rfd1 c5 14. Nd5 Bg7 15.
Rd2 e6 16. Nc3 Qe7 17. Ne1 Rab8 18. h3 cxd4 19. exd4 Bh5 20. g4 Bxg4 21. hxg4
h5 22. Rcd1 hxg4 23. Nb5 Bh6 24. Re2 Bf8 25. Nxa7 Qg5 26. Nb5 Qh5 27. Rdd2 e5
28. Bd5 exd4 29. Nxd4 Rxe2 30. Nxe2 Bh6 31. Rc2 Nc5 32. Qb6 Ra8 33. b4 Ne6 34.
Qxb7 Rf8 35. Bxe6 fxe6 36. Qd7 Qe5 37. Nd3 Qa1+ 38. Nec1 Qf6 39. Qxd6 g3 40.
Qxg3 Qf5 41. b5 Rf7 42. c5 Rf8 43. b6 Rf7 44. c6 Qh5 45. b7 Qd1+ 46. Kg2 Bf4
47. Nxf4 Qxc2 48. b8=Q+ Rf8 49. c7 Qe4+ 50. Kh2 Kf7 51. Qxf8+ Kxf8 52. c8=Q+
Kf7 53. Qd7+ Kg8 54. Qe8+ Kg7 55. Nh5+ Kh7 56. Qe7+ Kh8 57. Qb8# {
Hossa checkmated} 1-0

[Event "ICS rated blitz match"]
[Site "204.178.125.65"]
[Date "2000.09.26"]
[Round "?"]
[White "Hossa"]
[Black "Valg"]
[Result "1-0"]
[WhiteElo "2575"]
[BlackElo "2425"]
[PlyCount "185"]
[EventDate "2000.??.??"]

1. e4 e5 2. Nf3 d6 3. d4 exd4 4. Nxd4 g6 5. Nc3 Bg7 6. Be3 Ne7 7. Bc4 O-O 8.
O-O Nd7 9. Bg5 h6 10. Bh4 Ne5 11. Bb3 b6 12. f4 g5 13. fxg5 Bg4 14. Qd2 h5 15.
h3 Bd7 16. Qf2 N7g6 17. Nf5 Be6 18. Nxg7 Kxg7 19. Nd5 Bxd5 20. exd5 Kg8 21.
Rad1 a5 22. Rd4 Qd7 23. c4 a4 24. Bd1 a3 25. Bxh5 Nxh4 26. Rxh4 Qd8 27. Bd1
axb2 28. Qc2 Ng6 29. Rh5 Rxa2 30. Qb1 Qe7 31. Qxa2 Qe3+ 32. Kh2 Qd3 33. Qxb2
Qxf1 34. Qc2 Re8 35. Bf3 Ne5 36. Qh7+ Kf8 37. Qh8+ Ke7 38. Qf6+ Kd7 39. Rh7 Kc8
40. Rxf7 Qxc4 41. Rf8 Rxf8 42. Qxf8+ Kb7 43. Qf5 Qd4 44. g6 Nxf3+ 45. Qxf3 Qe5+
46. g3 Qb2+ 47. Qg2 Qg7 48. Qc2 Kc8 49. h4 Kd8 50. h5 Qe5 51. Qd1 Qf6 52. Kh3
Qf5+ 53. Kg2 Qe5 54. Qf3 Qg7 55. g4 Qb2+ 56. Kh3 Qg7 57. Qf4 Ke8 58. Qe3+ Kf8
59. Qe6 Qc3+ 60. Kh4 Qf3 61. Qc8+ Ke7 62. Qxc7+ Ke8 63. Qc8+ Ke7 64. Qe6+ Kf8
65. Qxd6+ Ke8 66. g7 Qf2+ 67. Kg5 Qe3+ 68. Kg6 Qe4+ 69. Kh6 Qxg4 70. g8=Q+ Qxg8
71. Qe6+ Qxe6+ 72. dxe6 b5 73. Kg6 Ke7 74. h6 b4 75. h7 Kd6 76. Kf5 Kc6 77. e7
Kc5 78. Ke4 Kc4 79. Ke3 b3 80. Kd2 Kb5 81. Ke2 Kc5 82. Ke3 b2 83. e8=Q b1=Q 84.
Qe5+ Kc6 85. Qe4+ Qxe4+ 86. Kxe4 Kd6 87. h8=Q Kc5 88. Qh6 Kb4 89. Qc6 Kb3 90.
Kd3 Kb4 91. Qb6+ Ka4 92. Kc4 Ka3 93. Qb3# {Valg checkmated} 1-0

[Event "ICS rated blitz match"]
[Site "204.178.125.65"]
[Date "2000.09.26"]
[Round "?"]
[White "Valg"]
[Black "Hossa"]
[Result "1/2-1/2"]
[WhiteElo "2416"]
[BlackElo "2584"]
[PlyCount "125"]
[EventDate "2000.??.??"]

1. e4 c5 2. Nf3 e6 3. d4 cxd4 4. Nxd4 Nc6 5. Nc3 Qc7 6. Be3 a6 7. Be2 Nf6 8.
O-O Bb4 9. Na4 Bd6 10. Nxc6 dxc6 11. f4 Nxe4 12. Qd4 f5 13. Nb6 Rb8 14. Nxc8
Rxc8 15. Qc4 Qf7 16. Bf3 O-O 17. Bxe4 fxe4 18. Rad1 Rcd8 19. Bb6 Rd7 20. a4
Bxf4 21. Rxd7 Qxd7 22. g3 Bd6 23. Rxf8+ Bxf8 24. Qxe4 Be7 25. Kf2 Qd5 26. Ke3
Bc5+ 27. Bxc5 Qxc5+ 28. Kd3 Qd6+ 29. Ke3 g6 30. Qf4 e5 31. Qe4 Kg7 32. h3 h6
33. b3 h5 34. b4 Kf6 35. Qf3+ Ke7 36. Qe4 Kf7 37. c3 Kf6 38. Qh4+ Kg7 39. Qe4
b5 40. axb5 axb5 41. g4 hxg4 42. Qxg4 c5 43. Qh4 cxb4 44. Qxb4 Qd7 45. Qh4 Qe6
46. Qg3 Qb6+ 47. Ke2 Qc7 48. Qd3 Qc6 49. Ke3 Kh6 50. Qd2 g5 51. Qd3 Kg7 52. Qd2
Kf7 53. Qd3 Qc5+ 54. Kf3 Kf6 55. Qd8+ Kf5 56. Qd7+ Kg6 57. Qe6+ Kg7 58. Qd7+
Kh6 59. Qe6+ Kh7 60. Qf7+ Kh6 61. Qe6+ Kh7 62. Qf7+ Kh6 63. Qe6+ {
Game drawn by repetition} 1/2-1/2

[Event "ICS rated blitz match"]
[Site "204.178.125.65"]
[Date "2000.09.26"]
[Round "?"]
[White "Hossa"]
[Black "Valg"]
[Result "1-0"]
[WhiteElo "2577"]
[BlackElo "2423"]
[PlyCount "139"]
[EventDate "2000.??.??"]

1. e4 c5 2. Nf3 Nc6 3. d4 cxd4 4. Nxd4 Nf6 5. Nc3 e5 6. Ndb5 d6 7. Bg5 a6 8.
Na3 b5 9. Bxf6 gxf6 10. Nd5 f5 11. Bd3 Be6 12. O-O Bg7 13. Qh5 f4 14. c4 bxc4
15. Bxc4 O-O 16. Rac1 Rb8 17. b3 Kh8 18. Nxf4 Bxc4 19. Rxc4 Na5 20. Ra4 Nxb3
21. axb3 exf4 22. Rxa6 Rxb3 23. Qd5 Qc8 24. Qxb3 Qxa6 25. Nc4 Rc8 26. Rc1 f5
27. f3 Qa7+ 28. Kh1 fxe4 29. fxe4 Be5 30. Rd1 Qc5 31. Nxe5 Qxe5 32. Qd3 Rc3 33.
Qb1 f3 34. gxf3 Qf4 35. Rf1 Re3 36. Qb2+ Kg8 37. Rg1+ Kf7 38. Qg7+ Ke6 39. Qg8+
Qf7 40. Qc8+ Ke7 41. Qb7+ Kf6 42. Qb6 Rd3 43. Qd8+ Ke6 44. Qc8+ Ke7 45. f4 Rd2
46. Ra1 Rxh2+ 47. Kg1 Qg7+ 48. Kxh2 Qxa1 49. Qc7+ Ke6 50. f5+ Kf6 51. Qd8+ Kg7
52. Qxd6 Qb2+ 53. Kg3 Qc3+ 54. Kg4 Qf6 55. Qxf6+ Kxf6 56. Kh5 Kg7 57. e5 Kf7
58. Kh6 Ke7 59. e6 Kd6 60. Kxh7 Ke7 61. Kg7 Kd6 62. Kf7 Ke5 63. e7 Ke4 64. f6
Ke5 65. Kg7 Ke6 66. e8=Q+ Kd5 67. Qe3 Kd6 68. f7 Kd5 69. f8=Q Kc6 70. Qec5+ {
Valg resigns} 1-0

[Event "ICS rated blitz match"]
[Site "204.178.125.65"]
[Date "2000.09.26"]
[Round "?"]
[White "Valg"]
[Black "Hossa"]
[Result "0-1"]
[WhiteElo "2420"]
[BlackElo "2586"]
[PlyCount "112"]
[EventDate "2000.??.??"]

1. e4 e5 2. f4 exf4 3. Nf3 d6 4. d4 g5 5. h4 g4 6. Ng1 Bh6 7. Nc3 c6 8. Nge2
Qf6 9. g3 f3 10. Nf4 Nd7 11. d5 Qe7 12. dxc6 bxc6 13. Qd4 Qe5 14. Be3 Qxd4 15.
Bxd4 Ngf6 16. O-O-O Ne5 17. h5 O-O 18. Bf2 Ne8 19. Kb1 f5 20. Nd3 Nc4 21. Nf4
Nb6 22. Be3 Rf7 23. Bxb6 axb6 24. Bc4 d5 25. exd5 Nd6 26. Bb3 Bxf4 27. gxf4 c5
28. Rhg1 Ba6 29. Na4 f2 30. Rh1 g3 31. Nxb6 Rb8 32. Na4 Ne4 33. d6 g2 34. Rhg1
Nd2+ 35. Kc1 Nxb3+ 36. cxb3 Rg7 37. d7 f1=Q 38. Rdxf1 gxf1=Q+ 39. Rxf1 Bxf1 40.
Nxc5 Bb5 41. h6 Rxd7 42. Nxd7 Bxd7 43. Kd2 Rb4 44. Ke3 Bc6 45. Kd3 Rxf4 46. a3
Rh4 47. b4 Rxh6 48. Ke3 Rh2 49. b5 Bxb5 50. b4 Ra2 51. Kf4 Rxa3 52. Kxf5 Ra4
53. Kg5 Rxb4 54. Kh6 Rg4 55. Kh5 Be2 56. Kh6 Rg6# {Valg checkmated} 0-1

[Event "ICS Rated standard match"]
[Site "204.178.125.65"]
[Date "2000.09.26"]
[Round "?"]
[White "Hossa"]
[Black "lambChop"]
[Result "0-1"]
[WhiteElo "2369"]
[BlackElo "2437"]
[PlyCount "198"]
[EventDate "2000.??.??"]

1. e4 e5 2. Bc4 Nf6 3. d3 c6 4. Nf3 d5 5. Bb3 Bg4 6. h3 Bxf3 7. Qxf3 dxe4 8.
dxe4 Qd4 9. Nd2 Nbd7 10. c3 Qb6 11. O-O Bc5 12. Rd1 O-O 13. Bc4 Qc7 14. Nb3 b5
15. Bd3 Bb6 16. Bg5 h6 17. Bh4 Rfb8 18. c4 Bd4 19. Nxd4 exd4 20. cxb5 cxb5 21.
Bg3 Ne5 22. Qf4 Nfd7 23. Qf5 Rb6 24. Rac1 Qd6 25. Be2 g6 26. Qf4 Qb4 27. Qxh6
Qxb2 28. Bf1 Ra6 29. Rc7 Rxa2 30. Rdc1 Rf8 31. Rc8 d3 32. Rxf8+ Nxf8 33. Rc8
Ned7 34. Bxd3 a6 35. Bf1 Qd2 36. Qxd2 Rxd2 37. Ra8 b4 38. Rxa6 b3 39. Ra1 b2
40. Rb1 Ne6 41. f3 f6 42. Bc4 Ndc5 43. Bf2 Kg7 44. Be3 Rc2 45. Bd5 Re2 46. Bf2
Nd3 47. Bxe6 Nxf2 48. Kh2 Rd2 49. Bb3 g5 50. Ba4 Nd3 51. Bb5 Nf4 52. Bf1 Rc2
53. Kg3 Rc1 54. Rxb2 Rxf1 55. h4 Nd3 56. Rb7+ Kh6 57. hxg5+ Kxg5 58. Rd7 Nf4
59. Re7 Nh5+ 60. Kh2 Re1 61. g3 Kg6 62. Rc7 Ng7 63. Re7 Re2+ 64. Kh3 Nh5 65.
Rc7 Re3 66. Kg2 Ng7 67. Re7 Rc3 68. e5 f5 69. g4 f4 70. Kf2 Rc6 71. Rd7 Ne6 72.
Rd2 Rc3 73. Rd6 Kf7 74. Ra6 Rc5 75. Rd6 Rxe5 76. Rd3 Rc5 77. Rd7+ Kf6 78. Rd2
Ng5 79. Kg2 Ke6 80. Re2+ Re5 81. Ra2 Re3 82. Rf2 Rd3 83. Re2+ Kf6 84. Rf2 Rc3
85. Rf1 Rc2+ 86. Rf2 Rxf2+ 87. Kxf2 Ke5 88. Ke2 Kd4 89. Kd2 Nxf3+ 90. Ke2 Ng5
91. Kf2 f3 92. Kf1 Ke3 93. Kg1 Ne4 94. g5 Nd2 95. Kh2 f2 96. Kg3 f1=Q 97. Kg4
Qf3+ 98. Kh4 Kf4 99. g6 Qh1# {Hossa checkmated} 0-1

[Event "ICS rated blitz match"]
[Site "204.178.125.65"]
[Date "2000.09.26"]
[Round "?"]
[White "Hossa"]
[Black "flytox"]
[Result "1-0"]
[WhiteElo "2595"]
[BlackElo "2079"]
[PlyCount "47"]
[EventDate "2000.??.??"]

1. e4 e6 2. d4 d5 3. Nd2 Nf6 4. e5 Nfd7 5. Bd3 c5 6. c3 Nc6 7. Ne2 cxd4 8. cxd4
f6 9. Nf4 Ndxe5 10. dxe5 Nxe5 11. Qh5+ Ke7 12. Bxh7 Bd7 13. Ng6+ Nxg6 14. Qxg6
Be8 15. Qd3 f5 16. Nf3 Rxh7 17. Bg5+ Kd7 18. Bxd8 Rxd8 19. Ne5+ Kc8 20. Rc1+
Kb8 21. f4 Bb4+ 22. Kf2 a6 23. Qd4 Bb5 24. Qxb4 {flytox resigns} 1-0

[Event "ICS Rated blitz match"]
[Site "204.178.125.65"]
[Date "2000.09.26"]
[Round "?"]
[White "Valg"]
[Black "Hossa"]
[Result "1-0"]
[WhiteElo "2479"]
[BlackElo "2597"]
[PlyCount "153"]
[EventDate "2000.??.??"]

1. e4 e5 2. f4 exf4 3. Nf3 g5 4. h4 g4 5. Ne5 Nf6 6. Bc4 d5 7. exd5 Bd6 8. d4
Nh5 9. Nc3 Ng3 10. Rh2 Nf5 11. Bb5+ Nd7 12. Nxg4 O-O 13. Bxd7 Bxd7 14. Ne5 Ne3
15. Qe2 Re8 16. Bxe3 fxe3 17. Qf3 Qe7 18. Nxd7 Qxd7 19. g3 b5 20. O-O-O b4 21.
Ne4 Be7 22. Re2 f5 23. Nc5 Bxc5 24. dxc5 Re4 25. c6 Qe7 26. Rd3 Rf8 27. Rdxe3
Re8 28. Rxe4 fxe4 29. Qg4+ Kh8 30. Qf4 a5 31. Kd2 Kg7 32. Qg4+ Kh8 33. Qf5 e3+
34. Kd3 Qg7 35. Qh5 Re5 36. Qf3 Qg6+ 37. Kc4 Kg8 38. h5 Qg5 39. g4 h6 40. c3
bxc3 41. bxc3 Qe7 42. a4 Qg5 43. Kd4 Qg7 44. Kd3 Qh7+ 45. Kd4 Qg7 46. Kd3 Qh7+
47. Kc4 Qe7 48. Qg2 Qg5 49. Qf3 Qe7 50. Re1 e2 51. Kd4 Kh8 52. c4 Qg7 53. Kd3
Qe7 54. c5 Qh7+ 55. Kc3 Qe7 56. Kd3 Qh7+ 57. Kd2 Qg7 58. Rxe2 Rxe2+ 59. Kxe2
Qb2+ 60. Kf1 Kg7 61. Qe4 Qc1+ 62. Ke2 Qb2+ 63. Kf3 Qf6+ 64. Qf4 Qc3+ 65. Ke4
Qb4+ 66. Kf5 Qb8 67. Qe5+ Kf7 68. Qf6+ Kg8 69. Kg6 Qe8+ 70. Kxh6 Qf8+ 71. Qxf8+
Kxf8 72. Kg6 Ke7 73. h6 Kd8 74. h7 Ke7 75. Kg7 Kd8 76. h8=Q+ Ke7 77. Qf8# {
Hossa checkmated} 1-0

[Event "ICS Rated blitz match"]
[Site "204.178.125.65"]
[Date "2000.09.26"]
[Round "?"]
[White "Hossa"]
[Black "PostModernist"]
[Result "1-0"]
[WhiteElo "2576"]
[BlackElo "2697"]
[PlyCount "163"]
[EventDate "2000.??.??"]

1. e4 c5 2. Nf3 g6 3. d4 Bg7 4. dxc5 Nf6 5. e5 Ng4 6. Qd4 h5 7. Bb5 Nc6 8. Bxc6
dxc6 9. Qxd8+ Kxd8 10. Bf4 f6 11. exf6 exf6 12. O-O Bd7 13. Nbd2 g5 14. Bd6 Nh6
15. Rfe1 Nf5 16. Ne4 g4 17. Nfd2 Re8 18. Nb3 Be6 19. Bf4 b6 20. Rad1+ Bd7 21.
a4 h4 22. a5 b5 23. a6 h3 24. Na5 Re6 25. gxh3 gxh3 26. Rd3 Ne7 27. Nb7+ Ke8
28. b3 Nd5 29. Bd2 Kf8 30. Rf3 b4 31. Nbd6 Re5 32. Rb1 Bc8 33. Ra1 Bd7 34. Rc1
Rb8 35. Rb1 Rd8 36. Ng5 Bg4 37. Rg3 fxg5 38. Rxg4 Nc7 39. Bxg5 Rd7 40. Be3 Nxa6
41. Bd4 Re6 42. Bxg7+ Rxg7 43. Rxg7 Kxg7 44. Nb7 Rg6+ 45. Kf1 Rg2 46. Ra1 Rxh2
47. Ke2 Rg2 48. Rh1 Rg5 49. Rxh3 Nxc5 50. Nd8 Rg6 51. Rg3 Rxg3 52. fxg3 a5 53.
Nxc6 Nb7 54. Kd3 Kf6 55. Kc4 Nd6+ 56. Kc5 Ne4+ 57. Kb5 Nxg3 58. Kxa5 Kf5 59.
Kxb4 Ke4 60. Kc5 Ke3 61. b4 Ne4+ 62. Kc4 Kd2 63. Nd4 Nf6 64. Kb3 Ke3 65. Nf5+
Ke4 66. Nd6+ Kd5 67. Nb5 Kc6 68. c4 Ne4 69. Kc2 Kd7 70. Kd3 Nf2+ 71. Kd4 Kc6
72. Nc3 Kb7 73. b5 Nh3 74. c5 Ng5 75. Kd5 Kc8 76. c6 Nh7 77. b6 Nf6+ 78. Ke6
Nh5 79. b7+ Kb8 80. Nd5 Ng7+ 81. Kd7 Ne8 82. Kxe8 {PostModernist resigns} 1-0